La plaza de Oriente: una batalla útil (Record no. 18531)

MARC details
000 -LEADER
campo de control de longitud fija 00973nam a2200253 i 4500
001 - NÚMERO DE CONTROL
campo de control 18531
003 - IDENTIFICADOR DE NÚMERO DE CONTROL
campo de control ES-MaACL
005 - FECHA Y HORA DE LA ÚLTIMA TRANSACCIÓN
campo de control 20230906151848.0
007 - CAMPO FIJO DE DESCRIPCIÓN FÍSICA--INFORMACIÓN GENERAL
campo de control de longitud fija t|
008 - DATOS DE LONGITUD FIJA--INFORMACIÓN GENERAL
campo de control de longitud fija 020129s1995 sp ||||0| spa j
020 ## - NÚMERO INTERNACIONAL ESTÁNDAR DEL LIBRO
Número Internacional Estándar del Libro 84-605-3290-9
040 ## - FUENTE DE CATALOGACIÓN
Centro catalogador/agencia de origen M-BN
Lengua de catalogación spa
Centro/agencia transcriptor M-BN
080 ## - NÚMERO DE LA CLASIFICACIÓN DECIMAL UNIVERSAL
Número de la Clasificación Decimal Universal 711.4.011(460.27 M.)
080 ## - NÚMERO DE LA CLASIFICACIÓN DECIMAL UNIVERSAL
Número de la Clasificación Decimal Universal 711.61(460.27 M.)
245 03 - MENCIÓN DEL TÍTULO
Título La plaza de Oriente: una batalla útil
Resto del título : proyecto de reforma presentado por 262 autores al concurso promovido por el Excmo. Ayuntamiento de Madrid, junio de 1994 /
Mención de responsabilidad, etc. [coordinadores de la edición, Javier García-G. Mosteiro, Eloy Minguito Lobos].
260 ## - PUBLICACIÓN, DISTRIBUCIÓN, ETC.
Lugar de publicación, distribución, etc. Madrid :
Nombre del editor, distribuidor, etc. Club de Debates Urbanos,
Fecha de publicación, distribución, etc. 1995.
300 ## - DESCRIPCIÓN FÍSICA
Extensión 91 p., [4] p. de plan ;
Dimensiones 21 cm.
651 #4 - PUNTO DE ACCESO ADICIONAL DE MATERIA--NOMBRE GEOGRÁFICO
Nombre geográfico Urbanismo-
Subdivisión geográfica Madrid-
Subdivisión general Proyectos.
9 (RLIN) 197799
651 #4 - PUNTO DE ACCESO ADICIONAL DE MATERIA--NOMBRE GEOGRÁFICO
Nombre geográfico Plazas-
Subdivisión geográfica Madrid.
9 (RLIN) 183088
700 1# - ENTRADA AGREGADA--NOMBRE PERSONAL
Nombre de persona García Gutiérrez-Mosteiro, Javier.
9 (RLIN) 149823
700 1# - ENTRADA AGREGADA--NOMBRE PERSONAL
Nombre de persona Minguito Lobos, Eloy.
9 (RLIN) 81359
852 ## - LOCALIZACIÓN
Ubicación ES-MaACL
Número de control de estantería G-1306
Sublocalización o colección R.130994
Holdings
Estatus retirado Estado de pérdida Estado de daño No para préstamo Biblioteca de origen Biblioteca actual Ubicación en estantería Fecha de adquisición Fuente de adquisición Total de préstamos Signatura topográfica completa Código de barras Visto por última vez Precio de reemplazo Tipo de ítem Koha
        Biblioteca del Ateneo de Madrid Biblioteca del Ateneo de Madrid Depósito 2 17/01/2008     G-1306 1018964 23/02/2023 23/02/2023 Libro impreso